Alle Europokalsieger in allen Wettbewerben - Statistiken

Allgemein
  • Dieses Quiz wurde 48 mal gespielt
  • Das Durchschnittsergebnis liegt bei 299 aus 356
Antwortstatistiken
Saison7 Antwort % Korrekt
AC Mailand
100%
10 | 64 | 65 | +3 others Inter Mailand
100%
00 | 02 | 14 | +14 others Real Madrid
100%
Ajax Amsterdam
98%
Benfica Lissabon
98%
61 | 62 Benfica Lissabon
98%
67 Celtic Glasgow
98%
01 | 05 | 19 | +6 others FC Liverpool
98%
Manchester City
98%
08 | 17 | 68 | +2 others Manchester United
98%
AS Rom
95%
FC Barcelona
95%
01 | 20 | 67 | +4 others FC Bayern München
95%
| 03 | 04 | +2 others FC Porto
95%
Hamburger SV
95%
Juventus Turin
95%
AS Monaco
93%
Atletico Madrid
93%
66 | 97 Borussia Dortmund
93%
13 FC Bayern München
93%
FC Chelsea
93%
Glasgow Rangers
93%
Olympique Marseille
93%
Paris Saint Germain
93%
Tottenham Hotspur
93%
Bayer 04 Leverkusen
90%
Eintracht Frankfurt
90%
FC Arsenal
90%
FC Valencia
90%
78 | 88 PSV Eindhoven
90%
89 SSC Neapel
90%
99 Lazio Rom
88%
91 Roter Stern Belgrad
88%
64 Sporting Lissabon
88%
Borussia Mönchengladbach
85%
97 FC Schalke O4
85%
79 | 80 Nottingham Forest
85%
VfB Stuttgart
85%
92 Werder Bremen
85%
02 | 70 | 74 Feyenoord Rotterdam
83%
FK Dynamo Moskau
83%
82 Aston Villa
78%
24 Atalanta Bergamo
78%
06 | 07 | 14 | +4 others FC Sevilla
78%
Leeds United
78%
75 Dynamo Kiew
76%
86 Dynamo KIew
76%
FC Brügge
76%
76 | 78 | 83 RSC Anderlecht
76%
AC Florenz
73%
FK Rapid Wien
73%
Malmö FF
73%
Panathinaikos Athen
73%
Sampdoria Genua
73%
SK Rapid Wien
73%
86 Steaua Bukarest
73%
Betis Sevilla
71%
Girodins Bordeaux
71%
23 | 65 West Ham United
71%
74 1. FC Magdeburg
68%
93 | 95 | 99 AC Parma
68%
Espanyol Barcelona
68%
24 Olympiakos Piräus
68%
08 Zenit St. Petersburg
68%
1. FC Köln
66%
Athletic Bilbao
66%
SV Austria Salzburg
66%
21 FC Villareal
63%
00 Galatasaray Istanbul
63%
69 Newcastle United
63%
Dinamo Zagreb
61%
FK Austria Wien
61%
1. FC Lokomotive Leipzig
59%
85 FC Everton
59%
Sporting Braga
59%
05 ZSKA Moskau
59%
AC Turin
56%
83 FC Aberdeen
54%
Fortuna Düsseldorf
54%
Partizan Belgrad
54%
09 Schachtar Donezk
54%
82 | 87 IFK Göteborg
51%
RCD Mallorca
51%
TSV 1860 München
51%
Ferencvaros Budapest
49%
Standard Lüttich
49%
Royal Antwerpen
46%
69 SK Slovan Bratislava
46%
FC Fulham
44%
Stade Reims
44%
AS Saint Etienne
41%
Birmingham City
41%
64 | 95 Real Saragossa
39%
AZ Alkmaar
34%
FC Carl Zeiss Jena
34%
FC Twente Enschede
34%
Dundee United
32%
81 Ipswich Town
29%
88 KV Mechelen
29%
SEC Bastia
29%
Wolverhampton Wanderers
29%
81 Dinamo Tiflis
27%
Dnipro Dnipropetrowsk
24%
Deportivo Alaves
22%
FC Middlesbrough
20%
Ujpest Dosza Budapest
20%
Gornik Zabrze
12%
MTK Budapest
10%
Videoton SC
7%
Keine übereinstimmenden Quizze gefunden
Verteilung der Resultate
Anzahl Personen mit jedem Resultat
Perzentil nach korrekt beantworteten Fragen
Ihre Resultats-Entwicklung
Sie haben dieses Quiz noch nicht gespielt